000 00979nam0a22002651 4500
001 v19\rc\1909171
005 20251118180549.0
035 _a(NLR Aleph) 004997997
090 _a6356221
_c6356221
100 _a20080404d1911 u y0rusy50 ca
101 0 _arus
102 _aRU
105 _ay z |||||
200 1 _aУстав акционерного общества под наименованием "Пароходное общество "Русь"
_e[Утв. 5 февр. 1910 г.]
210 _aСаратов
_d1911
215 _a35 с.
_d19
532 1 3 _aУстав акционерного общества под наименованием Пароходное общество "Русь"
710 0 2 _a"Русь", пароходное предприятие
_cЦарицын
801 0 _aRU
_bNLR
_gpsbo
801 0 _aRU
_bRuMoRGB
_2psbo
801 1 _aRU
_bProSoft-M
_2rusmarc
852 _aNLR
_j20.39.9.261
899 _aRuMoRGB
_jV 121/1832
942 _cBOOK
980 _aNB